| 000 | 01141nam a2200289 a 4500 | ||
|---|---|---|---|
| 005 | 20160829163106.0 | ||
| 008 | 160829q2010 ck ado||r|||| 00| 0 spa d | ||
| 020 | _a9789589920022 | ||
| 040 |
_aCO-BoIAVH _cCO-BoIAVH |
||
| 041 | 0 | _aspa | |
| 044 | _ack | ||
| 082 | 0 | 4 |
_a578.7684 _bH92j |
| 245 | 0 | 4 | _aLos humedales de la jurisdicción de Corpoguavio |
| 260 |
_aBogotá?, Colombia : _bCorpoguavio, _c[2010?]. |
||
| 300 |
_a48 págonas : _bilustraciones, tablas y fotografías a color ; _c28 x 21 cm. |
||
| 500 | _aIncluye glosario. | ||
| 504 | _aIncluye referencias bibliográficas. | ||
| 650 | 2 | 4 |
_aHumedales _zColombia _zGachalá (Cundinamarca) |
| 650 | 2 | 4 |
_aHumedales _zColombia _zMedina (Cundinamarca) |
| 650 | 2 | 4 |
_aHumedales _zColombia _zUbalá (Cundinamarca) |
| 650 | 2 | 4 |
_aHumedales _zColombia _zGama (Cundinamarca) |
| 650 | 2 | 4 |
_aHumedales _zColombia _zJunín (Cundinamarca) |
| 650 | 2 | 4 |
_aHumedales _zColombia _zGachetá (Cundinamarca) |
| 650 | 2 | 4 |
_aHumedales _zColombia _zFómeque (Cundinamarca) |
| 650 | 2 | 4 |
_aHumedales _zColombia _zGuasca (Cundinamarca) |
| 942 |
_2ddc _cLIBRO |
||
| 999 |
_c18985 _d18985 |
||